Responses for Show #2538 - Wednesday, September 20, 1995

Contestants

[<< previous game]

Nancy Reno, a silversmith from Oak Park, Illinois

Marie Magnuson, a waitress from Fall Church, Virginia

Albina Moran, an administrative assistant from Cleveland Heights, Ohio (whose 2-day cash winnings total $23,800)

[next game >>]

Jeopardy! Round responses

HISTORY
BUSINESS & INDUSTRY
BEAUTY QUEENS & PAGEANT WINNERS
OLD POLITICAL TERMS
WORLD CAPITALS
COMMON BONDS
    $100 11
China

Nancy
    $100 12
Xerox

Nancy
    $100 17
Vanna White

Nancy
    $100 26
slavery

Albina
    $100 6
Cairo

Nancy
    $100 1
hours

Albina
    $200 22
six days

Albina
    $200 13
Gannett

Nancy
    $200 18
Oprah Winfrey

Albina
    $200 27
boxing

Marie
    $200 7
Reykjavik

Albina
    $200 2
bugs

Albina
    $300 23
(Sir Francis) Drake

Albina
    $300 14
Volkswagen

Triple Stumper
    $300 19
Lynda Carter

Nancy
    $300 28
the loaves & the fishes

Marie
    $800 8
(Alex: Yes, the Little Mermaid statue.)

Copenhagen

Albina
    $300 3
fire

Marie
    $400 24
Trafalgar

Albina
    $400 15
Wendy's

Albina
    $400 20
Cybill Shepherd

Marie
    $400 29
a carpetbagger

Nancy
    $400 9
(Nancy: What's Asuncion?)

Montevideo

MarieNancy
    $400 4
ink

Nancy
    $500 25
Turkey

Albina
    $500 16
Gallo

Marie
    $500 21
Lee Meriwether

Albina
    $500 30
a muckamuck

Marie
    $500 10
Canberra

Albina
    $500 5
jams

Albina

Scores at the first commercial break (after clue 15):

Albina Marie Nancy
$2,700 $700 $500

Scores at the end of the Jeopardy! Round:

Albina Marie Nancy
$4,900 $2,600 $1,300

Double Jeopardy! Round responses

FAMOUS NAMES
U.S. STATES
PETES & PETERS
THE HUMAN BODY
POETRY
FISH ANAGRAMS
    $200 1
Abigail Adams

Nancy
    $200 26
Wisconsin

Nancy
    $200 6
Peter Marshall

Nancy
    $200 21
the diaphragm

Albina
    $200 16
Walt Whitman

Nancy
    $200 11
eel (from Lee)

Albina
    $400 2
Edison

Nancy
    $400 7
Pete Wilson

Nancy
    $400 22
the kidneys

Marie
    $400 17
Robert Frost

Nancy
    $400 12
cod (from Doc)

Albina
    $600 3
Sirhan Sirhan

Albina
    $600 29
[Alex gave two pronunciations when saying the name of the bridge.]
...
[The end-of-round signal sounds.]

Michigan

Albina
    $600 8
Peter Ueberroth

Albina
    $600 23
(Nancy: What's the intestine?)
(Alex: Be more specific.)
...
(Alex: You are right; you picked the right one. About a minute to go.)

the small intestine

Nancy
    $600 18
William Jennings Bryan

Triple Stumper
    $600 13
sole (from lose)

Marie
    $800 4
Dag Hammarskjöld

Triple Stumper
    $800 27
Maryland

Albina
    $1,500 9
(Albina: Who are Pete [*] and.... [**]?)
(Alex: Yes! Oh, boy! Albina, in your three games so far you have struggled on a number of clues, but I have never seen it fail; you always come up with a correct response when you do that.)

Seeger & Yarrow

Albina
    $800 24
the liver

Albina
    $800 19
"Beowulf"

Nancy
    $800 14
shad (from dash)

Nancy
    $1000 5
Squanto

Triple Stumper
    $2,500 28
(Albina: [Cogitates and ruminates] What is Georgia? [*].)

Alabama

Albina
    $1000 10
The Peter Principle

Albina
    $1000 25
(Marie: What is the uvula?)

the epiglottis

Marie
Triple Stumper
    $1000 20
Chaucer

Marie
    $1000 15
tarpon (from Parton)

Nancy

Scores at the end of the Double Jeopardy! Round:

Albina Marie Nancy
$9,100 $3,600 $6,500

[wagering suggestions for these scores]

Final Jeopardy! Round responses

WORLD LEADERS
MarieWho is Winston Churchill?
$3,600
NancyWho is Bhutto?
$6,499
AlbinaWho is Bhuto?
$4,000
(Benazir) Bhutto

Final scores:

Albina Marie Nancy
$13,100 $0 $12,999
3-day champion: $36,900 3rd place: Magnavox VHS camcorder + Jeopardy! home game & Tiger electronic Jeopardy! 2nd place: Ashley dining set & Asko washer & dryer + Jeopardy! home game & Tiger electronic Jeopardy!

Game dynamics:

Coryat scores:

Albina Marie Nancy
$10,400 $3,600 $6,500
24 R
(including 2 DDs),
1 W
(including 1 DD)
10 R,
1 W
19 R,
1 W

Combined Coryat: $20,500

[game clues] [game scores] [suggest correction]

Game tape date: Unknown
The J! Archive is created by fans, for fans. Scraping, republication, monetization, and malicious use prohibited; this site may use cookies and collect identifying information. See terms. The Jeopardy! game show and all elements thereof, including but not limited to copyright and trademark thereto, are the property of Jeopardy Productions, Inc. and are protected under law. This website is not affiliated with, sponsored by, or operated by Jeopardy Productions, Inc. Join the discussion at JBoard.tv.